[Event "Mistrzostwa Stowarzyszenia CROSS"]
[Site "Warszawa"]
[Date "2012.04.24"]
[Round "5"]
[White "Stachanczyk, Jacek"]
[Black "Falkowski, Dawid"]
[Result "1-0"]
[WhiteElo "2243"]
[BlackElo "2005"]
[PlyCount "61"]
[EventDate "2012.04.20"]
[EventType "tourn"]
[EventRounds "1"]
[EventCountry "POL"]
[SourceDate "2012.04.20"]

1. c4 e5 2. Nc3 Nc6 3. e3 g6 4. g3 Bg7 5. Bg2 d6 6. Nge2 Be6 7. d4 Bxc4 8. d5
Bxe2 9. Qxe2 Nce7 10. Qb5+ Qd7 11. Qxb7 Qc8 12. Qb5+ Qd7 13. Bd2 f5 14. Rc1 Nf6
15. Qc4 e4 16. O-O Rb8 17. b3 Ng4 18. f4 exf3 19. Bxf3 Ne5 20. Qe2 Nxf3+ 21.
Qxf3 O-O 22. Ne2 Rb5 23. Nf4 g5 24. Ne6 Rxd5 25. Nxf8 Bxf8 26. Bc3 Rd3 27. Rfd1
Qb5 28. a4 Qa6 29. Qf1 Rxd1 30. Qxd1 Kf7 31. Qh5+ 1-0

[Event "Mistrzostwa Stowarzyszenia CROSS"]
[Site "Warszawa"]
[Date "2012.04.24"]
[Round "5"]
[White "Suder, Ryszard"]
[Black "Gunajew, Rafal"]
[Result "1/2-1/2"]
[WhiteElo "2191"]
[BlackElo "2243"]
[PlyCount "60"]
[EventDate "2012.04.20"]
[EventType "tourn"]
[EventRounds "1"]
[EventCountry "POL"]
[SourceDate "2012.04.20"]

1. Nf3 c5 2. g3 g6 3. Bg2 Bg7 4. O-O Nf6 5. c4 O-O 6. Nc3 Nc6 7. d4 cxd4 8.
Nxd4 Nxd4 9. Qxd4 d6 10. Qd3 a6 11. e4 Rb8 12. Be3 Bd7 13. Ba7 Rc8 14. Bd4 Qc7
15. b3 e5 16. Be3 b5 17. Nd5 Nxd5 18. cxd5 Qc2 19. Qxc2 Rxc2 20. Rfc1 Rfc8 21.
Rxc2 Rxc2 22. a4 bxa4 23. bxa4 Rc4 24. a5 Bc8 25. Rc1 Rxc1+ 26. Bxc1 Bf6 27. f3
Bd8 28. Bd2 Kf8 29. Kf2 Ke7 30. Bf1 f6 1/2-1/2

[Event "Mistrzostwa Stowarzyszenia CROSS"]
[Site "Warszawa"]
[Date "2012.04.24"]
[Round "5"]
[White "Mackowiak, Marek"]
[Black "Dukaczewski, Piotr"]
[Result "1-0"]
[WhiteElo "2195"]
[BlackElo "2310"]
[PlyCount "133"]
[EventDate "2012.04.20"]
[EventType "tourn"]
[EventRounds "1"]
[EventCountry "POL"]
[SourceDate "2012.04.20"]

1. c4 g6 2. Nc3 Bg7 3. d4 Nf6 4. Nf3 O-O 5. h3 d6 6. Bg5 h6 7. Bh4 Nh5 8. g4
Nf6 9. Bg2 Nbd7 10. Qd2 e5 11. dxe5 dxe5 12. Rd1 Re8 13. g5 e4 14. Nh2 e3 15.
fxe3 Nh7 16. Nf3 hxg5 17. Bg3 c6 18. e4 Qa5 19. h4 Ne5 20. Bxe5 Bxe5 21. Nxe5
Qxe5 22. Qd6 Qxd6 23. Rxd6 Be6 24. b3 Kg7 25. h5 gxh5 26. Rxh5 Rad8 27. e5 Kg6
28. Rh1 f5 29. Na4 Rxd6 30. exd6 Rd8 31. Nc5 Bc8 32. d7 Bxd7 33. Nxb7 Rf8 34.
Rh3 Nf6 35. Rd3 f4 36. Rd6 g4 37. Nc5 Bf5 38. Bxc6 Kh5 39. Ne6 Bxe6 40. Rxe6
Kh4 41. b4 Kh3 42. b5 g3 43. Bf3 Kh2 44. Kf1 Ng4 45. Rg6 Ne3+ 46. Ke1 Kg1 47.
c5 Rf5 48. b6 axb6 49. cxb6 Rb5 50. b7 Rb4 51. Kd2 Nf5 52. Rg8 Nd4 53. b8=Q
Rxb8 54. Rxb8 Nxf3+ 55. exf3 Kf2 56. a4 g2 57. Rg8 Kxf3 58. a5 Kf2 59. a6 f3
60. a7 g1=Q 61. Rxg1 Kxg1 62. a8=Q f2 63. Qg8+ Kf1 64. Qc4+ Kg2 65. Qg4+ Kf1
66. Qh3+ Kg1 67. Ke2 1-0

[Event "Mistrzostwa Stowarzyszenia CROSS"]
[Site "Warszawa"]
[Date "2012.04.24"]
[Round "5"]
[White "Ruszczycki, Jacek"]
[Black "Zoltek, Tadeusz"]
[Result "0-1"]
[WhiteElo "1901"]
[BlackElo "2180"]
[Annotator "M"]
[PlyCount "74"]
[EventDate "2012.04.20"]
[EventType "tourn"]
[EventRounds "1"]
[EventCountry "POL"]
[SourceDate "2012.04.20"]

1. e4 e6 2. d4 d5 3. exd5 exd5 4. Bd3 Nc6 5. c3 Bd6 6. Qc2 Nf6 7. Bg5 h6 8.
Qe2+ Be6 9. Bxf6 Qxf6 10. Qf3 Qg5 11. Ne2 O-O-O 12. h3 Rde8 13. Nd2 h5 14.
O-O-O Rh6 15. g3 Rf6 16. Qg2 Bf5 17. f4 Qg6 18. Bxf5+ Rxf5 19. Qf3 Rf6 20. Rh2
h4 21. g4 Qh6 22. Rf2 Rfe6 23. Nf1 Re4 24. g5 Qe6 25. Rd2 g6 26. Kd1 Ne7 27.
Nh2 Re3 28. Qg2 Nf5 29. Ng4 Re4 30. Rf3 c6 31. Qf2 $11 Ng3 32. Nxg3 Re1+ 33.
Kc2 hxg3 34. Qxg3 Qf5+ 35. Kb3 $11 R8e2 36. Rxe2 Rxe2 37. Ne3 Qe4 $138 0-1

[Event "Mistrzostwa Stowarzyszenia CROSS"]
[Site "Warszawa"]
[Date "2012.04.24"]
[Round "5"]
[White "Kulpinski, Piotr"]
[Black "Wolanski, Michal"]
[Result "1-0"]
[WhiteElo "1965"]
[BlackElo "1961"]
[PlyCount "87"]
[EventDate "2012.04.20"]
[EventType "tourn"]
[EventRounds "1"]
[EventCountry "POL"]
[SourceDate "2012.04.20"]

1. Nf3 c5 2. c4 Nf6 3. Nc3 g6 4. d4 Bg7 5. d5 d6 6. g3 O-O 7. Bg2 Nbd7 8. O-O
Nb6 9. Nd2 Ng4 10. Qc2 f5 11. b3 f4 12. Bb2 fxg3 13. hxg3 Rf7 14. Nf3 Qf8 15.
Ne4 Bf5 16. Bxg7 Qxg7 17. Bh3 Ne3 18. fxe3 Bxh3 19. Rfd1 Qh6 20. Qd3 Raf8 21.
Neg5 Rf5 22. Nxh3 Qxh3 23. Kf2 Nd7 24. Rh1 Qg4 25. Ke1 Qxg3+ 26. Kd2 Ne5 27.
Nxe5 Qxe5 28. Rac1 Rg5 29. Qc3 Qxc3+ 30. Kxc3 Rf2 31. Kd3 Rgg2 32. Rce1 Kg7 33.
a3 h5 34. b4 Rh2 35. bxc5 dxc5 36. Rxh2 Rxh2 37. Rf1 h4 38. e4 Rh3+ 39. e3 Rh2
40. e5 Rb2 41. d6 exd6 42. e6 Rb3+ 43. Ke4 d5+ 44. cxd5 1-0

[Event "Mistrzostwa Stowarzyszenia CROSS"]
[Site "Warszawa"]
[Date "2012.04.24"]
[Round "5"]
[White "Stolarczyk, Anna"]
[Black "Hagner, Pawel"]
[Result "1/2-1/2"]
[WhiteElo "1999"]
[BlackElo "1777"]
[Annotator "M"]
[PlyCount "90"]
[EventDate "2012.04.20"]
[EventType "tourn"]
[EventRounds "1"]
[EventCountry "POL"]
[SourceDate "2012.04.20"]

1. d4 Nf6 2. Nf3 g6 3. g3 Bg7 4. Bg2 O-O 5. O-O d6 6. Re1 c5 7. d5 Nbd7 8. e4
Rb8 9. a4 a6 10. a5 b5 11. c3 Qc7 12. Na3 Qxa5 13. Nc2 Qc7 14. b3 Ng4 15. h3
Nge5 16. Rb1 Nxf3+ 17. Qxf3 Ne5 18. Qe3 c4 19. Nd4 Nd3 20. Rd1 Nxc1 21. Rdxc1
Bd7 22. b4 Bxd4 23. Qxd4 f5 24. exf5 Bxf5 25. Ra1 Qc8 26. Kh2 Bd3 27. Re1 Rf7
28. Be4 Bxe4 29. Rxe4 Qb7 30. f4 Qb6 $11 31. Kg2 Qxd4 32. Rxd4 Ra8 33. Rd2 Rf5
34. Kf3 g5 35. Kg4 Raf8 36. fxg5 Re5 37. h4 Re4+ 38. Kh3 Rf3 39. Rxa6 Rxc3 40.
Rb6 Ree3 41. Rg2 Rb3 42. Rxb5 c3 43. Rb8+ Kg7 44. Rc8 Rxb4 45. Rc2 Rd4 $11
1/2-1/2

[Event "Mistrzostwa Stowarzyszenia CROSS"]
[Site "Warszawa"]
[Date "2012.04.25"]
[Round "6"]
[White "Falkowski, Dawid"]
[Black "Hagner, Pawel"]
[Result "1-0"]
[WhiteElo "2005"]
[BlackElo "1777"]
[PlyCount "57"]
[EventDate "2012.04.20"]
[EventType "tourn"]
[EventRounds "1"]
[EventCountry "POL"]
[SourceDate "2012.04.20"]

1. e4 g6 2. f4 Bg7 3. d4 d6 4. c4 Nf6 5. Nc3 O-O 6. Nf3 c5 7. d5 Re8 8. Be2 e5
9. fxe5 dxe5 10. O-O a6 11. Qe1 Nbd7 12. Qh4 Qb6 13. a4 Nf8 14. Ne1 h5 15. h3
Qd6 16. Nd3 Bd7 17. Be3 Rac8 18. Qf2 b6 19. a5 b5 20. Bxc5 Qb8 21. b4 bxc4 22.
Nb2 Bb5 23. Nxc4 Bxc4 24. Bxc4 Rxc5 25. bxc5 Qb4 26. Qe3 Qxc4 27. Ra4 Qb3 28.
Rb1 Bh6 29. Qd3 1-0

[Event "Mistrzostwa Stowarzyszenia CROSS"]
[Site "Warszawa"]
[Date "2012.04.25"]
[Round "6"]
[White "Wolanski, Michal"]
[Black "Stolarczyk, Anna"]
[Result "1/2-1/2"]
[WhiteElo "1961"]
[BlackElo "1999"]
[Annotator "M"]
[PlyCount "75"]
[EventDate "2012.04.20"]
[EventType "tourn"]
[EventRounds "1"]
[EventCountry "POL"]
[SourceDate "2012.04.20"]

1. c4 c6 2. Nc3 d5 3. e3 Nf6 4. b3 g6 5. Bb2 Bg7 6. Nf3 O-O 7. d4 Re8 8. Ne5
Nbd7 9. f4 Nxe5 10. fxe5 Ng4 11. Qf3 Be6 12. h3 Nh6 13. Bd3 f6 14. exf6 exf6
15. O-O-O dxc4 16. Bxc4 Nf5 17. d5 cxd5 18. Nxd5 Qa5 19. Kb1 Rac8 20. e4 b5 21.
exf5 bxc4 22. fxe6 cxb3 23. Qxb3 Rb8 24. Ne7+ Kh8 25. Nc6 Qf5+ 26. Qd3 Qxd3+
27. Rxd3 Rb6 28. Rd8 Rxd8 29. Nxd8 f5 30. Re1 Rxb2+ 31. Kc1 Rxa2 32. Re3 Bf6
33. e7 Bxe7 34. Rxe7 Rxg2 35. Rxa7 Rg3 36. Ne6 h5 37. Kd2 Kg8 38. Rg7+ $11
1/2-1/2

[Event "Mistrzostwa Stowarzyszenia CROSS"]
[Site "Warszawa"]
[Date "2012.04.25"]
[Round "6"]
[White "Zoltek, Tadeusz"]
[Black "Kulpinski, Piotr"]
[Result "1/2-1/2"]
[WhiteElo "2180"]
[BlackElo "1965"]
[Annotator "M"]
[PlyCount "95"]
[EventDate "2012.04.20"]
[EventType "tourn"]
[EventRounds "1"]
[EventCountry "POL"]
[SourceDate "2012.04.20"]

1. c4 c6 2. Nf3 d5 3. b3 Nf6 4. Bb2 Bf5 5. e3 e6 6. Be2 Bd6 7. O-O O-O 8. Nh4
Bxb1 9. Rxb1 Ne4 10. g3 f5 11. d3 Ng5 12. f4 Nf7 13. cxd5 cxd5 14. Qd2 Nc6 15.
Nf3 Bb4 16. Qd1 Qb6 17. Nd4 Rfe8 18. Nc2 Bc5 19. d4 Be7 20. Ba3 Rac8 21. Qd2
Bxa3 22. Nxa3 Nd6 23. Bd3 Rc7 24. Rbc1 Rec8 25. Rc5 Nb4 26. Rxc7 Rxc7 27. Nb5
Nxb5 28. Qxb4 Nc3 29. Qa3 Ne4 30. Bxe4 dxe4 31. Rc1 a6 32. Rxc7 Qxc7 33. Qb2
Kf7 34. Kf2 b5 35. Qd2 Qc6 36. Ke1 Ke7 37. Kd1 Kd7 $11 38. Qb4 Qd6 39. Qa5 Kc8
40. Kd2 Kb7 41. Qc3 Qa3 42. Qc2 Qb4+ 43. Ke2 Qa3 44. g4 g6 45. gxf5 gxf5 46.
Kf1 Qd6 47. Kg2 Qf8 48. Kf1 $11 1/2-1/2

[Event "Mistrzostwa Stowarzyszenia CROSS"]
[Site "Warszawa"]
[Date "2012.04.25"]
[Round "6"]
[White "Dukaczewski, Piotr"]
[Black "Ruszczycki, Jacek"]
[Result "1-0"]
[WhiteElo "2310"]
[BlackElo "1901"]
[PlyCount "27"]
[EventDate "2012.04.20"]
[EventType "tourn"]
[EventRounds "1"]
[EventCountry "POL"]
[SourceDate "2012.04.20"]

1. e4 c6 2. c4 d5 3. exd5 cxd5 4. cxd5 Qxd5 5. Nc3 Qd6 6. d4 Nf6 7. Bc4 a6 8.
Nf3 b5 9. Bb3 Bb7 10. Be3 Nbd7 11. O-O g6 12. Re1 Bg7 13. Qe2 Rd8 14. Bf4 1-0

[Event "Mistrzostwa Stowarzyszenia CROSS"]
[Site "Warszawa"]
[Date "2012.04.25"]
[Round "6"]
[White "Gunajew, Rafal"]
[Black "Mackowiak, Marek"]
[Result "1/2-1/2"]
[WhiteElo "2243"]
[BlackElo "2195"]
[Annotator "M"]
[PlyCount "60"]
[EventDate "2012.04.20"]
[EventType "tourn"]
[EventRounds "1"]
[EventCountry "POL"]
[SourceDate "2012.04.20"]

1. e4 e5 2. Nf3 Nc6 3. Bc4 Bc5 4. c3 d6 5. O-O Bb6 6. h3 Nf6 7. d3 h6 8. a4 a6
9. Be3 Bxe3 10. fxe3 O-O 11. Nbd2 Qe7 12. Qe1 Be6 13. Bxe6 fxe6 14. Qh4 Nd7 15.
d4 Qxh4 16. Nxh4 Rxf1+ 17. Kxf1 g5 18. Nhf3 exd4 19. exd4 e5 20. d5 Ne7 21. Ke2
Kf7 22. b4 a5 23. Nb3 b6 24. Ke3 axb4 25. cxb4 c6 26. dxc6 Nxc6 27. b5 Na5 28.
Nfd2 Nxb3 29. Nxb3 Ke6 30. g4 d5 $11 1/2-1/2

[Event "Mistrzostwa Stowarzyszenia CROSS"]
[Site "Warszawa"]
[Date "2012.04.25"]
[Round "6"]
[White "Stachanczyk, Jacek"]
[Black "Suder, Ryszard"]
[Result "1-0"]
[WhiteElo "2243"]
[BlackElo "2191"]
[PlyCount "109"]
[EventDate "2012.04.20"]
[EventType "tourn"]
[EventRounds "1"]
[EventCountry "POL"]
[SourceDate "2012.04.20"]

1. e4 d6 2. d4 Nf6 3. Nc3 g6 4. f4 Bg7 5. Nf3 O-O 6. Bd3 Nc6 7. Be3 Ng4 8. Bg1
e5 9. fxe5 dxe5 10. d5 Nb8 11. h3 Nf6 12. Qd2 c6 13. O-O-O Re8 14. Be3 cxd5 15.
Nxd5 Nc6 16. Nxf6+ Bxf6 17. Ng5 Qa5 18. Qxa5 Nxa5 19. Rhf1 Bxg5 20. Bxg5 Be6
21. Bb5 Nc6 22. Rd6 Rec8 23. Bxc6 Rxc6 24. Rxc6 bxc6 25. Bf6 a5 26. a4 c5 27.
Rd1 Re8 28. Kd2 Bd7 29. Ra1 Re6 30. Bd8 Bc6 31. Bxa5 Bxe4 32. g3 f5 33. Bc7 Re7
34. Bb6 c4 35. Kc3 Bd5 36. a5 g5 37. Bd8 Re6 38. Bxg5 Rg6 39. Bh4 f4 40. gxf4
Rh6 41. Rg1+ Kf7 42. Bg3 exf4 43. Bxf4 Rxh3+ 44. Kd4 Bb7 45. Kc5 c3 46. b4 Be4
47. Re1 Rh5+ 48. Kd4 Bxc2 49. a6 Ba4 50. Kxc3 Bb5 51. a7 Bc6 52. Bd6 Rd5 53.
Bc5 Rd8 54. Re7+ Kg6 55. Re6+ 1-0

[Event "Mistrzostwa Stowarzyszenia CROSS"]
[Site "Warszawa"]
[Date "2012.04.26"]
[Round "7"]
[White "Suder, Ryszard"]
[Black "Falkowski, Dawid"]
[Result "0-1"]
[WhiteElo "2191"]
[BlackElo "2005"]
[PlyCount "66"]
[EventDate "2012.04.20"]
[EventType "tourn"]
[EventRounds "1"]
[EventCountry "POL"]
[SourceDate "2012.04.20"]

1. Nf3 g6 2. g3 Bg7 3. Bg2 e5 4. e4 Nc6 5. O-O Nge7 6. c3 f5 7. d3 O-O 8. Qb3+
Kh8 9. Ng5 Qe8 10. f4 h6 11. Nh3 d6 12. Be3 Be6 13. Qd1 Qd7 14. Nf2 d5 15. fxe5
Nxe5 16. Bc5 Rfe8 17. Nd2 Rad8 18. d4 dxe4 19. Ndxe4 fxe4 20. dxe5 Qb5 21. Qxd8
Rxd8 22. Bxe7 Rd7 23. Bf6 e3 24. Ne4 e2 25. Rfe1 Qb6+ 26. Kh1 Qe3 27. Bxg7+
Rxg7 28. c4 Rf7 29. Nc3 Bxc4 30. Rac1 Rf2 31. b3 Be6 32. Bxb7 Bg4 33. Bg2 Bf5
0-1

[Event "Mistrzostwa Stowarzyszenia CROSS"]
[Site "Warszawa"]
[Date "2012.04.26"]
[Round "7"]
[White "Mackowiak, Marek"]
[Black "Stachanczyk, Jacek"]
[Result "0-1"]
[WhiteElo "2195"]
[BlackElo "2243"]
[PlyCount "120"]
[EventDate "2012.04.20"]
[EventType "tourn"]
[EventRounds "1"]
[EventCountry "POL"]
[SourceDate "2012.04.20"]

1. c4 e5 2. Nc3 Nc6 3. Nf3 Nf6 4. g3 Bc5 5. Bg2 O-O 6. O-O d6 7. Na4 a6 8. Nxc5
dxc5 9. d3 Qd6 10. h3 Re8 11. Kh2 b6 12. Ng5 Bb7 13. Qa4 Na5 14. Bxb7 Nxb7 15.
Ne4 Nxe4 16. dxe4 Qd4 17. Qc6 Na5 18. Qxc7 Nxc4 19. Qb7 Reb8 20. Qd5 Rd8 21.
Qxd4 Rxd4 22. b3 Nd2 23. Bxd2 Rxd2 24. Rfe1 Rad8 25. Kg2 Kf8 26. Kf3 Ke7 27.
Rec1 Rb2 28. Rcb1 Rxb1 29. Rxb1 Rd2 30. a4 Kd6 31. Ke3 Rd4 32. Rc1 Kc6 33. h4
b5 34. axb5+ Kxb5 35. h5 h6 36. g4 a5 37. f4 f6 38. Kf3 Kb4 39. g5 hxg5 40.
fxg5 fxg5 41. e3 Rd3 42. Rg1 Kxb3 43. Rxg5 Rd7 44. Rxe5 Kb4 45. Re8 Ra7 46. Ke2
Kc3 47. Kd1 a4 48. Kc1 a3 49. Kb1 Kd3 50. e5 c4 51. e6 c3 52. Ka2 Rc7 53. Rd8+
Ke2 54. Rd7 Rc8 55. Rxg7 c2 56. Rg1 c1=Q 57. Rxc1 Rxc1 58. h6 Kxe3 59. h7 Rc8
60. Kxa3 Kd4 0-1

[Event "Mistrzostwa Stowarzyszenia CROSS"]
[Site "Warszawa"]
[Date "2012.04.26"]
[Round "7"]
[White "Ruszczycki, Jacek"]
[Black "Gunajew, Rafal"]
[Result "0-1"]
[WhiteElo "1901"]
[BlackElo "2243"]
[Annotator "M"]
[PlyCount "82"]
[EventDate "2012.04.20"]
[EventType "tourn"]
[EventRounds "1"]
[EventCountry "POL"]
[SourceDate "2012.04.20"]

1. e4 c5 2. f4 Nc6 3. Nf3 e6 4. c3 d5 5. Bd3 dxe4 6. Bxe4 Nf6 7. Bxc6+ bxc6 8.
O-O Be7 9. Re1 O-O 10. Ne5 Bb7 11. Na3 Nd5 12. Qg4 Rc8 13. Nac4 Ba6 14. b3 f5
15. Qf3 Rf6 16. Ba3 Rh6 17. Rad1 Bf8 18. Qf2 Nf6 19. d3 Bxc4 20. bxc4 Qa5 21.
Bb2 Bd6 22. h3 Bxe5 23. Rxe5 Nd7 24. Re2 Rc7 25. a3 Qa4 26. Rde1 Kf7 27. Re3
Rb7 28. Qe2 Nf8 29. Re5 Qb3 30. Bc1 $11 Rb6 31. d4 Qxc3 32. dxc5 Rb1 33. Qd2
Qxc4 34. Kh2 Rg6 35. Rd1 Rb7 36. Qd3 Qxd3 37. Rxd3 Nd7 38. Re2 e5 39. fxe5 Nxc5
40. Rd8 Re6 41. Be3 Rxe5 0-1

[Event "Mistrzostwa Stowarzyszenia CROSS"]
[Site "Warszawa"]
[Date "2012.04.26"]
[Round "7"]
[White "Kulpinski, Piotr"]
[Black "Dukaczewski, Piotr"]
[Result "0-1"]
[WhiteElo "1965"]
[BlackElo "2310"]
[PlyCount "60"]
[EventDate "2012.04.20"]
[EventType "tourn"]
[EventRounds "1"]
[EventCountry "POL"]
[SourceDate "2012.04.20"]

1. Nf3 c5 2. c4 Nc6 3. Nc3 e5 4. d3 g6 5. g3 Bg7 6. Bg2 Nge7 7. O-O O-O 8. Bg5
h6 9. Bd2 f5 10. Rb1 d6 11. a3 a5 12. Nb5 g5 13. b4 g4 14. Ne1 f4 15. f3 fxg3
16. hxg3 axb4 17. axb4 Nxb4 18. d4 Nf5 19. Kf2 exd4 20. Bxb4 Be5 21. f4 Ne3 22.
Qb3 Bxf4 23. Nc2 Be5+ 24. Kg1 Rxf1+ 25. Rxf1 Nxf1 26. Kxf1 Qf6+ 27. Kg1 cxb4
28. c5+ Be6 29. Bd5 Rf8 30. Bxe6+ Kh8 0-1

[Event "Mistrzostwa Stowarzyszenia CROSS"]
[Site "Warszawa"]
[Date "2012.04.26"]
[Round "7"]
[White "Stolarczyk, Anna"]
[Black "Zoltek, Tadeusz"]
[Result "0-1"]
[WhiteElo "1999"]
[BlackElo "2180"]
[PlyCount "116"]
[EventDate "2012.04.20"]
[EventType "tourn"]
[EventRounds "1"]
[EventCountry "POL"]
[SourceDate "2012.04.20"]

1. d4 Nf6 2. Nf3 c5 3. c3 b6 4. g3 Bb7 5. Bg2 e6 6. Nbd2 Be7 7. O-O O-O 8. Re1
cxd4 9. cxd4 Nc6 10. a3 d5 11. b4 Ne4 12. Bb2 f5 13. Ne5 Nxe5 14. dxe5 Nxd2 15.
Qxd2 Ba6 16. Rac1 Rc8 17. a4 Rxc1 18. Rxc1 Bc4 19. Bd4 Qe8 20. a5 Qb5 21. axb6
axb6 22. e3 Bxb4 23. Qb2 Ba5 24. Qxb5 Bxb5 25. Bf1 Bc4 26. Ra1 Rc8 27. Kg2 Kf7
28. Kf3 h5 29. Kf4 Kg6 30. h3 Kh6 31. h4 Bxf1 32. Rxf1 Rc2 33. Kf3 g5 34. hxg5+
Kxg5 35. Rb1 Rc6 36. Rb5 Kg6 37. Rb2 Kg5 38. Rb5 Rc2 39. Rb2 Rxb2 40. Bxb2 b5
41. Kg2 Bd2 42. Kf3 Bb4 43. Kg2 h4 44. gxh4+ Kxh4 45. Kf1 Kg4 46. Ke2 f4 47.
f3+ Kf5 48. Kd3 fxe3 49. Kxe3 Bc5+ 50. Kd3 Kf4 51. Ke2 d4 52. Bc1+ Kxe5 53. Kd3
Kd5 54. Bd2 Ba3 55. Ba5 Bb2 56. Bb6 Bc3 57. Bd8 b4 58. Kc2 Kc4 0-1

[Event "Mistrzostwa Stowarzyszenia CROSS"]
[Site "Warszawa"]
[Date "2012.04.26"]
[Round "7"]
[White "Hagner, Pawel"]
[Black "Wolanski, Michal"]
[Result "0-1"]
[WhiteElo "1777"]
[BlackElo "1961"]
[PlyCount "90"]
[EventDate "2012.04.20"]
[EventType "tourn"]
[EventRounds "1"]
[EventCountry "POL"]
[SourceDate "2012.04.20"]

1. d4 Nf6 2. Nf3 g6 3. Bf4 Bg7 4. e3 c5 5. c3 b6 6. Nbd2 O-O 7. Be2 Bb7 8. h3
d5 9. O-O Nbd7 10. Re1 Re8 11. Qc2 Rc8 12. a4 Ne4 13. Nxe4 dxe4 14. Ng5 Nf6 15.
Be5 h6 16. Bxf6 exf6 17. Nxf7 Kxf7 18. Qb3+ Bd5 19. c4 Be6 20. d5 Bd7 21. Qd1
f5 22. Rb1 Kg8 23. g3 Kh7 24. Kg2 Be5 25. Qc2 Qf6 26. b3 Rc7 27. Rf1 a6 28.
Rbd1 Rb7 29. Qd2 b5 30. axb5 axb5 31. cxb5 Bxb5 32. Bxb5 Rxb5 33. d6 Rd8 34. d7
Rxb3 35. Qd5 Rd3 36. Rxd3 exd3 37. Qxd3 Qc6+ 38. Kg1 Rxd7 39. Qc4 Qd5 40. Qa6
c4 41. Qc8 c3 42. Re1 Qd2 43. Rf1 c2 44. Kg2 Rc7 45. Qe8 Qd5+ 0-1

[Event "Mistrzostwa Stowarzyszenia CROSS"]
[Site "Warszawa"]
[Date "2012.04.27"]
[Round "8"]
[White "Falkowski, Dawid"]
[Black "Wolanski, Michal"]
[Result "1-0"]
[WhiteElo "2005"]
[BlackElo "1961"]
[PlyCount "39"]
[EventDate "2012.04.20"]
[EventType "tourn"]
[EventRounds "1"]
[EventCountry "POL"]
[SourceDate "2012.04.20"]

1. e4 c5 2. Nc3 d6 3. f4 Nc6 4. Bc4 Nf6 5. d3 a6 6. a4 g6 7. Nf3 Bg7 8. O-O O-O
9. Qe1 e6 10. f5 exf5 11. Qh4 Nh5 12. Bg5 Bf6 13. exf5 Kg7 14. Nd5 Bxg5 15.
Nxg5 h6 16. f6+ Nxf6 17. Nxf6 Bf5 18. Nge4 Ne7 19. Nd5 g5 20. Qf2 1-0

[Event "Mistrzostwa Stowarzyszenia CROSS"]
[Site "Warszawa"]
[Date "2012.04.27"]
[Round "8"]
[White "Zoltek, Tadeusz"]
[Black "Hagner, Pawel"]
[Result "1-0"]
[WhiteElo "2180"]
[BlackElo "1777"]
[Annotator "M"]
[PlyCount "98"]
[EventDate "2012.04.20"]
[EventType "tourn"]
[EventRounds "1"]
[EventCountry "POL"]
[SourceDate "2012.04.20"]

1. c4 g6 2. Nc3 Bg7 3. g3 d6 4. Bg2 Nf6 5. d3 O-O 6. Rb1 c5 7. a3 Nc6 8. Nf3 a6
9. b4 cxb4 10. axb4 Nh5 11. Bd2 Rb8 12. b5 axb5 13. Rxb5 Bd7 14. Qb1 Ne5 15.
Rxb7 Rxb7 16. Qxb7 Bc6 17. Qa7 Qa8 18. Qxa8 Rxa8 19. O-O Bxf3 20. Bxf3 Nxf3+
21. exf3 Ra3 22. Rc1 Bd4 23. Kf1 Ng7 24. Ke2 Bxc3 25. Bxc3 Ra2+ 26. Kf1 Ne6 27.
Ra1 Rxa1+ 28. Bxa1 Nc5 29. d4 Na6 30. Ke2 Kf8 31. Bc3 Ke8 32. Ke3 Kd7 33. g4
Nc7 34. Ba5 Ne6 35. d5 Nc5 36. Bb4 Na6 37. Ba3 Kc7 38. f4 f5 39. f3 Kb6 40. Kd4
Kc7 41. c5 dxc5+ 42. Bxc5 Nxc5 43. Kxc5 h6 44. gxf5 gxf5 45. Kd4 Kd6 46. h3 e6
47. dxe6 Kxe6 48. Kc5 Ke7 49. Kd5 Kf6 $138 1-0

[Event "Mistrzostwa Stowarzyszenia CROSS"]
[Site "Warszawa"]
[Date "2012.04.27"]
[Round "8"]
[White "Dukaczewski, Piotr"]
[Black "Stolarczyk, Anna"]
[Result "1/2-1/2"]
[WhiteElo "2310"]
[BlackElo "1999"]
[Annotator "M"]
[PlyCount "149"]
[EventDate "2012.04.20"]
[EventType "tourn"]
[EventRounds "1"]
[EventCountry "POL"]
[SourceDate "2012.04.20"]

1. e4 c5 2. Nf3 d6 3. Bb5+ Bd7 4. Bxd7+ Qxd7 5. c4 Nc6 6. Nc3 g6 7. d4 cxd4 8.
Nxd4 Bg7 9. Nde2 Nf6 10. O-O O-O 11. f3 Rac8 12. Be3 h6 13. Qd2 Kh7 14. Rac1 a6
15. b3 Qe8 16. Nd5 Nxd5 17. exd5 Ne5 18. a4 Nd7 19. a5 Nc5 20. Rb1 e6 21. dxe6
Qxe6 22. Nf4 Qf5 23. Rfd1 Rfd8 24. Nd5 Re8 25. Bf2 Rcd8 26. b4 Ne6 27. Rb3 h5
28. Ne3 Qg5 29. Nd5 Qf5 30. Rd3 Be5 31. g3 Ng5 32. Kg2 Qh3+ 33. Kh1 Ne6 34. f4
Bg7 35. Bb6 Rc8 36. Ne3 h4 37. Qg2 Qxg2+ 38. Kxg2 hxg3 39. hxg3 Bf8 40. Kf3 Kg7
41. R3d2 f5 42. Rh2 Kf7 43. Rh7+ Ng7 44. Bd4 Kg8 45. Rdh1 Ne6 46. Bf6 Bg7 47.
Nd5 Kf7 48. Rc1 Kg8 49. Rch1 Kf7 50. Rc1 Kg8 51. Rxg7+ Nxg7 52. Ne7+ Kf7 53.
Nxc8 Rxc8 54. Bxg7 Kxg7 55. Ke3 d5 56. Kd4 dxc4 57. Rxc4 Rd8+ 58. Kc5 Rc8+ 59.
Kd5 Rd8+ 60. Ke5 Kh6 61. Rc7 Rb8 62. Kf6 b6 63. Rc6 bxa5 64. bxa5 Rb3 65. Rc1
Kh5 66. Rh1+ Kg4 67. Kxg6 Rxg3 68. Kf6 Ra3 69. Rg1+ Kxf4 70. Rf1+ Ke4 71. Rxf5
Kd4 72. Ke6 Kc4 73. Kd6 Kb4 74. Kc6 Rxa5 75. Rxa5 $11 1/2-1/2

[Event "Mistrzostwa Stowarzyszenia CROSS"]
[Site "Warszawa"]
[Date "2012.04.27"]
[Round "8"]
[White "Gunajew, Rafal"]
[Black "Kulpinski, Piotr"]
[Result "1-0"]
[WhiteElo "2243"]
[BlackElo "1965"]
[PlyCount "31"]
[EventDate "2012.04.20"]
[EventType "tourn"]
[EventRounds "1"]
[EventCountry "POL"]
[SourceDate "2012.04.20"]

1. e4 d6 2. Nf3 e5 3. c3 Be7 4. d4 Nd7 5. Bd3 Ngf6 6. Nbd2 c6 7. Nc4 Qc7 8. Ne3
g6 9. Bc2 b6 10. O-O Bb7 11. Re1 O-O 12. h3 Rfe8 13. Ng4 Rad8 14. Nh6+ Kg7 15.
Ng5 Kxh6 16. Ne6+ 1-0

[Event "Mistrzostwa Stowarzyszenia CROSS"]
[Site "Warszawa"]
[Date "2012.04.27"]
[Round "8"]
[White "Stachanczyk, Jacek"]
[Black "Ruszczycki, Jacek"]
[Result "1-0"]
[WhiteElo "2243"]
[BlackElo "1901"]
[Annotator "M"]
[PlyCount "142"]
[EventDate "2012.04.20"]
[EventType "tourn"]
[EventRounds "1"]
[EventCountry "POL"]
[SourceDate "2012.04.20"]

1. e4 c6 2. d4 d5 3. Nc3 dxe4 4. Nxe4 Nf6 5. Nxf6+ gxf6 6. c3 Bf5 7. Nf3 Qd5 8.
g3 h5 9. Bg2 Qe6+ 10. Qe2 Nd7 11. Qxe6 Bxe6 12. O-O a5 13. h4 Nb6 14. Nd2 Bh6
15. Re1 Bxd2 16. Bxd2 Nc4 17. Bc1 a4 18. Be4 Bd5 19. Bc2 Rg8 20. Rb1 Kd7 21.
Bd1 Nd6 22. Ra1 Nf5 23. Kf1 Rh8 24. Bc2 Nd6 25. Bf4 Ne8 26. b3 axb3 27. axb3
Ng7 28. c4 Bf3 29. Bd2 Ne6 30. Bc3 Nc7 $11 31. Rec1 Rxa1 32. Rxa1 Ra8 33. Rxa8
Nxa8 34. Ke1 Nc7 35. Kd2 b5 36. Ke3 Bg4 37. f3 Be6 38. Bd3 bxc4 39. bxc4 Ne8
40. Bb4 Ng7 41. Kf4 Ke8 42. g4 Kd7 43. Be2 Ke8 44. Ke3 Kd7 45. Kd3 Ke8 46. Bd2
Kd7 47. Kc3 Ke8 48. Bh6 Kf8 49. Kb4 Kg8 50. Bf4 f5 51. g5 Kh7 52. Bc7 f6 53.
gxf6 exf6 54. Kc5 Bd7 55. Kd6 Be8 56. f4 Kg8 57. Ke7 Bf7 58. Bb8 Ne6 59. d5
cxd5 60. cxd5 Nd4 61. Bc4 Kg7 62. Ba7 Nf3 63. d6 Bxc4 64. d7 Nxh4 65. d8=Q Ng6+
66. Kd6 h4 67. Qc7+ Bf7 68. Be3 Nf8 69. Qc1 Bh5 70. Bd4 h3 71. Qc3 Bg4 $138 1-0